000 00986cam a2200277 4500
999 _c18365
_d18365
001 3146779
005 20161217084939.0
008 711222s1971 caua b 000 0 eng
010 _a 73175896
020 _a0912020180
_a0912020148 (pbk.)
040 _aDLC
_cDLC
_dDLC
043 _an-us-ca
050 0 0 _aNA730.C22
_bC62 1971
100 1 _aBohn, Dave.
245 1 0 _aEast of these golden shores;
_barchitecture of the earlier days in Contra Costa and Alameda Counties.
260 _a[Oakland, Calif.]
_bJunior League of Oakland
_c[1971]
300 _a124, [4] p.
_billus.
_c26 cm.
504 _aBibliography: p. [127]
650 0 _aArchitecture
_zCalifornia
_zContra Costa County.
650 0 _aArchitecture
_zCalifornia
_zAlameda County.
710 2 _aJunior League of Oakland-East Bay.
942 _2lcc
_cBOOKS
_hNA730.C22 C62 1971